Normal view MARC view
  • International student version

Entry Uniform Title

Number of records used in: 3

001 - CONTROL NUMBER

  • control field: 7060

003 - CONTROL NUMBER IDENTIFIER

  • control field: NUST

005 - DATE AND TIME OF LATEST TRANSACTION

  • control field: 20171208105005.0

008 - FIXED-LENGTH DATA ELEMENTS

  • fixed length control field: 171208|| aca||aabn | a|a d

040 ## - CATALOGING SOURCE

  • Original cataloging agency: NUST
  • Transcribing agency: NUST

130 ## - HEADING--UNIFORM TITLE

  • Uniform title: International student version

670 ## - SOURCE DATA FOUND

  • Source citation: Work cat.: (NUST)0: Meredith, Jack R. 7059, Project management :, c2010.
© 2023 Central Library, National University of Sciences and Technology. All Rights Reserved.